000 00257nam a22001217a 4500
008 180208b xxu||||| |||| 00| 0 eng d
041 _aeng
080 _a32
100 _a22
101 _apol
245 _athe crowded earth
_cpranay.g
942 _2udc
_cBK
999 _c42139
_d42139